000 00680nam a2200241 i 4500
001 C2-0315852
003 PPAK
005 20180728111706.0
008 120708s2002 my a|||| ||||| | may d
020 _a9832473519
040 _aPPAK
_beng
_cPPAK
_erda
082 0 4 _a005.133
_223
090 0 0 _a005.133
_bPEN
_dR
245 0 0 _aPengenalan kapada pengaturcaraan java
264 1 _aPetaling Jaya, Selangor :
_bPrentice Hall ,
_c2002
300 _ax, 289 pages :
_billustrations ;
_c23 cm.
336 _2rdacontent
_atext
337 _2rdamedia
_aunmediated
338 _2rdacarrier
_avolume
650 1 0 _aEngineering - Computer progamme
700 _eauthor
942 _ddc
_cB
999 _c117002
_d117002